Statistics for James Marsden Filmography

Click here to take the quiz!

General Stats

  • This quiz has been taken 7 times
    (3 since last reset)
  • The average score is 5 of 72

Answer Stats

Type Year Name % Correct
Film2020Sonic the Hedgehog
100%
Film2011Hop
67%
Film2003X2
67%
Film2000X-Men
67%
Film2006X-Men: The Last Stand
67%
Film2014X-Men: Days of Future Past
67%
Film2007Enchanted
33%
Film2006Superman Returns
33%
Film2019Once Upon a Time in Hollywood
33%
Film2012Bachelorette
0%
TV Show2012-201330 Rock
0%
Film2012Small Apartments
0%
Film2013As Cool as I Am
0%
Film20132 Guns
0%
Film2013The Butler
0%
Film2013Anchorman 2: The Legend Continues
0%
Film2014Walk of Shame
0%
Film2012Robot & Frank
0%
TV Show2011Modern Family
0%
TV Film1993In the Line of Duty: Ambush in Waco
0%
Film2014The Loft
0%
Film2014The Best of Me
0%
Film2017The Female Brain
0%
Web Mini-Series2020The Stand
0%
Web Mini-Series2020Mrs. America
0%
Web Series2019Dead to Me
0%
Film2018Henchmen
0%
TV Film2017Tour de Pharmacy
0%
Film2017Shock and Awe
0%
TV Show2016-PresentWestworld
0%
Film2014Welcome to Me
0%
TV Show2015Comedy Bang! Bang!
0%
Film2015Unfinished Business
0%
Film2015Into the Grizzly Maze
0%
Film2015Accidental Love
0%
TV Show2014-2016Wander Over Yonder
0%
Film2014The Tale of the Princess Kaguya
0%
Film2011Straw Dogs
0%
TV Show2009Robot Chicken
0%
Film2010Cats & Dogs: The Revenge of Kitty Galore
0%
Film2000Gossip
0%
TV Show1993The Nanny
0%
Film1994No Dessert, Dad, till You Mow the Lawn
0%
TV Show1994-1995Boogies Diner
0%
TV Show1995Blossom
0%
TV Show1995Party of Five
0%
Film1996Public Enemies
0%
TV Film1996Gone in a Heartbeat
0%
TV Show1996-1997Second Noah
0%
Film1997Campfire Tales
0%
TV Film1997On the Edge of Innocence
0%
TV Film1997Bella Mafia
0%
Film1998Disturbing Behavior
0%
TV Show1998The Outer Limits
0%
Music Video1998Got You (Where I Want You)
0%
Film2001Sugar & Spice
0%
Film2010Death at a Funeral
0%
Film2001Zoolander
0%
TV Show2001-2002Ally McBeal
0%
Film2002Interstate 60: Episodes of the Road
0%
TV Show2002Bram & Alice
0%
Film2004The 24th Day
0%
Film2004The Notebook
0%
Film2005Heights
0%
Film2006The Alibi
0%
Film200610th & Wolf
0%
Film2007Hairspray
0%
Film200827 Dresses
0%
Film2008Sex Drive
0%
Film2009The Box
0%
TV Show1993Saved by the Bell: The New Class
0%
Music Video2020Imagine (Stand for Corona)
0%

Score Distribution

Percentile by Number Answered

Percent of People with Each Score

Your Score History

You have not taken this quiz since the last reset